Faculty of Law Library — Cairo University

Official Online Catalog

Crime and the internet / (Record no. 54615)

MARC details
000 -LEADER
fixed length control field 02381cac a2200373 i 4500
003 - CONTROL NUMBER IDENTIFIER
control field EG-GICUC
005 - DATE AND TIME OF LATEST TRANSACTION
control field 20260121101649.0
008 - FIXED-LENGTH DATA ELEMENTS--GENERAL INFORMATION
fixed length control field 010604s2001 nyu frb 001 0 eng d
020 ## - INTERNATIONAL STANDARD BOOK NUMBER
International Standard Book Number 0415244285
020 ## - INTERNATIONAL STANDARD BOOK NUMBER
International Standard Book Number 0415244293
Qualifying information pbk.
020 ## - INTERNATIONAL STANDARD BOOK NUMBER
International Standard Book Number 9780415244282
020 ## - INTERNATIONAL STANDARD BOOK NUMBER
International Standard Book Number 9780415244299
Qualifying information (pbk.)
040 ## - CATALOGING SOURCE
Original cataloging agency DLC
Transcribing agency DLC
Modifying agency DLC
-- EG-GICUC
Language of cataloging eng
Description conventions rda
050 00 - LIBRARY OF CONGRESS CALL NUMBER
Classification number HV6773
Item number .C75 2001
082 00 - DEWEY DECIMAL CLASSIFICATION NUMBER
Classification number 343.64
Edition number 21
092 04 - LOCALLY ASSIGNED DEWEY CALL NUMBER (OCLC)
Edition number 21
099 ## - LOCAL FREE-TEXT CALL NUMBER (OCLC)
Classification number Law 10 2001
245 00 - TITLE STATEMENT
Title Crime and the internet /
Statement of responsibility, etc. edited by David S. Wall.
264 ## - PRODUCTION, PUBLICATION, DISTRIBUTION, MANUFACTURE, AND COPYRIGHT NOTICE
Place of production, publication, distribution, manufacture New York :
Name of producer, publisher, distributor, manufacturer Routledge,
Date of production, publication, distribution, manufacture, or copyright notice 2001.
300 ## - PHYSICAL DESCRIPTION
Extent xii, 221 pages ;
Dimensions 24 cm.
336 ## - CONTENT TYPE
Content type term text
Content type code txt
Source rdacontent
337 ## - MEDIA TYPE
Media type term Computer
Media type code n
Source rdamedia
338 ## - CARRIER TYPE
Carrier type term Online Resource
Carrier type code nc
Source rdacarrier
504 ## - BIBLIOGRAPHY, ETC. NOTE
Bibliography, etc. note Includes bibliographical references and index.
505 8# - FORMATTED CONTENTS NOTE
Formatted contents note Machine generated contents note: Notes on contributors vii -- Preface xi --1 Cybercrimes and the Internet 1 -- DAVID WALL 2 Crime futures and foresight: challenging criminal behaviour in the information age 18 -- KEN PEASE 3 Telecommunication fraud in the digital age: the convergence of technologies 29 -- PETER GRABOSKY AND RUSSELL SMITH 4 "Between the risk and the reality falls the shadow": evidence and urban legends in computer fraud 44 -- MICHAEL LEVI 5 Hacktivism: in search of lost ethics? 59 -- PAUL TAYLOR 6 Last of the rainmacs? Thinking about pornography in cyberspace 74 -- BELA BONITA CHATTERJEE 7 Criminalizing online speech to "protect" the young: what are the benefits and costs? 100 -- MARJORIE HEINS 8 Controlling illegal and harmful content on the Internet 113 -- YAMAN AKDENIZ 9 Cyberstalking: tackling harassment on the Internet 141 -- LOUISE ELLISON 10 The language of cybercrime 152 -- MATTHEW WILLIAMS 11 Maintaining order and law on the Internet 167 -- DAVID WALL 12 Policing "hi-tech" crime within the global context: the role of transnational policy networks 184 -- PAUL NORMAN 13 The criminal courts online 195 -- CLIVE WALKER Index 215.
650 #0 - SUBJECT ADDED ENTRY--TOPICAL TERM
Topical term or geographic name entry element Computer crimes.
650 #0 - SUBJECT ADDED ENTRY--TOPICAL TERM
Topical term or geographic name entry element Internet.
700 1# - ADDED ENTRY--PERSONAL NAME
Personal name Wall, David,
Dates associated with a name 1956-
856 41 - ELECTRONIC LOCATION AND ACCESS
Uniform Resource Identifier <a href="https://fll.law.cu.edu.eg/fulltext/bks/ENGB10-00111.pdf">https://fll.law.cu.edu.eg/fulltext/bks/ENGB10-00111.pdf</a>
856 41 - ELECTRONIC LOCATION AND ACCESS
Materials specified Table of contents only
Uniform Resource Identifier <a href="http://www.loc.gov/catdir/toc/fy041/2001034984.html">http://www.loc.gov/catdir/toc/fy041/2001034984.html</a>
856 42 - ELECTRONIC LOCATION AND ACCESS
Materials specified Publisher description
Uniform Resource Identifier <a href="http://www.loc.gov/catdir/enhancements/fy0650/2001034984-d.html">http://www.loc.gov/catdir/enhancements/fy0650/2001034984-d.html</a>
905 ## - Cataloger and Reviser Names
Cataloger Name: Hend El khosy
942 ## - ADDED ENTRY ELEMENTS (KOHA)
Source of classification or shelving scheme Dewey Decimal Classification
Koha item type Books
Edition 21
Suppress in OPAC No
Holdings
Withdrawn status Lost status Source of classification or shelving scheme Damaged status Not for loan Collection Home library Current library Date acquired Total checkouts Full call number Barcode Date last seen Copy number Price effective from Koha item type Public note
    Dewey Decimal Classification     القانون الجنائي جــــامعة القــاهرة مكتبة كلية الحقوق - فـرع الشيخ زايد 05.01.2026   Law2 10 343.64 CR 2001 1000111 C1 ENGB10-00111 05.01.2026 1 05.01.2026 Books 1379

© All rights reserved — Faculty of Law, Cairo University